00606nam a2200205Ia 450000500170000000800410001704000190005804100120007708200160008910000220010524500470012725000120017426000420018630000180022865000180024685000100026494200070027499900170028195201020029820240802111026.0131103s9999 xx 000 0 und d aLoreto College aEnglish a822.07bWHI aWhilfield, George 3aAn Introduction to dramacGeorge Whilfield a2nd ed. aLondonbOxford University Pressc1965 a207 p.b ill. aEnglish drama aLCBED cBK c29787d80266 00102ddc4070aMAINbMAINd2013-11-04l0o822.07 WHI 5510pB32634r2013-11-04w2013-11-04yBKf